Father Stretch My Hands, Pt. 1 - Kanye West (Full lyrics) - Statistics

General Stats
  • This quiz has been taken 43 times
  • The average score is 198 of 258
Answer Stats
Lyrics % Correct
I
100%
I,
100%
my
100%
the
100%
be
97%
Beautiful
97%
beautiful
97%
mornin',
97%
morning
97%
on
97%
you,
97%
you
97%
You
97%
asshole
94%
bleach
94%
feel
94%
If
94%
if
94%
I'm
94%
in
94%
just
94%
just—
94%
me
94%
Nothin'
94%
nothin'
94%
nothin',
94%
this
94%
your
94%
an
91%
fuck
91%
her
91%
met
91%
model
91%
T-shirt
91%
when
91%
You're
91%
you're
91%
And
88%
like
88%
uh
88%
don't
85%
she
85%
She
85%
sun
85%
gon'
82%
power
82%
wanna
82%
get
79%
babe
76%
bleached
76%
only
76%
Metro
73%
Young
73%
was
70%
down
67%
trust
67%
liberated,
64%
shoot
64%
skin
64%
skin,
64%
unwanted
64%
about
61%
I'ma
61%
let
61%
say
61%
talk
61%
under
61%
who
61%
can—
58%
ever
58%
high
58%
it
58%
somethin'
58%
We
58%
we
58%
Tribeca
55%
wake
55%
with
55%
na-na-na
52%
Now,
52%
that
52%
up
52%
want
52%
even
45%
know
45%
She'll
45%
what
45%
where
42%
from
39%
I'd
39%
lookin'
39%
they
39%
worried
39%
Everybody
36%
Remind
36%
sorry
36%
here
33%
owe
33%
Tell
33%
instigated,
30%
said
30%
relate,
27%
could
24%
yeah,
24%
yeah
24%
mind,
15%
it's
9%
No matching quizzes found
Score Distribution
Percent of People with Each Score
Percentile by Number Answered
Your Score History
You have not taken this quiz